000 00529nam a2200181Ia 4500
008 151202s9999||||xx |||||||||||||| ||und||
082 _bPNVM-32142
100 _aभावे पु.भा.
245 _aरोहिणी.
260 _b"कॉन्टिनेंटल प्रकाशन,पुणे."
260 _c1962
300 _a147
600 _aभावे पु.भा.
630 _aरोहिणी.
700 _aभावे पु.भा.
730 _aरोहिणी.
942 _cBOOK
999 _c1298103
_d1298100